<?xml version="1.0" encoding="UTF-8"?>
<record
    xmlns:xsi="http://www.w3.org/2001/XMLSchema-instance"
    xsi:schemaLocation="http://www.loc.gov/MARC21/slim http://www.loc.gov/standards/marcxml/schema/MARC21slim.xsd"
    xmlns="http://www.loc.gov/MARC21/slim">

  <leader>01643nam a2200265 u 4500</leader>
  <controlfield tag="001">75344</controlfield>
  <controlfield tag="005">20260504072356.0</controlfield>
  <controlfield tag="008">960313s1990                        spa  </controlfield>
  <datafield tag="020" ind1=" " ind2=" ">
    <subfield code="a">9789681831813</subfield>
  </datafield>
  <datafield tag="035" ind1=" " ind2=" ">
    <subfield code="a">75344</subfield>
  </datafield>
  <datafield tag="035" ind1=" " ind2=" ">
    <subfield code="a">(OCoLC)778209116</subfield>
  </datafield>
  <datafield tag="040" ind1=" " ind2=" ">
    <subfield code="c">comduadb</subfield>
  </datafield>
  <datafield tag="041" ind1=" " ind2=" ">
    <subfield code="a">spa</subfield>
  </datafield>
  <datafield tag="082" ind1=" " ind2="4">
    <subfield code="a">620</subfield>
  </datafield>
  <datafield tag="100" ind1="1" ind2="0">
    <subfield code="a">Sarkar B., A. D.</subfield>
    <subfield code="4">aut</subfield>
    <subfield code="e">aut</subfield>
    <subfield code="9">263168</subfield>
  </datafield>
  <datafield tag="245" ind1="1" ind2="0">
    <subfield code="a">Desgaste de metales</subfield>
  </datafield>
  <datafield tag="260" ind1=" " ind2=" ">
    <subfield code="a">M&#xE9;xico :</subfield>
    <subfield code="b">Limusa,</subfield>
    <subfield code="c">1990.</subfield>
  </datafield>
  <datafield tag="300" ind1=" " ind2=" ">
    <subfield code="a">229 p&#xE1;ginas</subfield>
  </datafield>
  <datafield tag="505" ind1=" " ind2=" ">
    <subfield code="a">CONTENIDO : 1. Introducci&#xF3;n. -- 2. Topograf&#xED;a de superficies. -- 3. Contacto de s&#xF3;lidos. -- 4. Fricci&#xF3;n. -- 5. Efecto del deslizamiento. -- 6. Teor&#xED;a molecular de la fricci&#xF3;n y el desgaste. -- 7. Desgaste inicial. -- 8. Desgaste por adherencia. -- 9. Hip&#xF3;tesis sobre la funci&#xF3;n de la oxidaci&#xF3;n en el desgaste. -- 10. Contaminantes de la superficie. -- 11. Desgaste por abrasi&#xF3;n. -- 12. Residuos del desgaste. -- 13. Transferencia de metales. -- 14. Superficie y subsuperficie. -- 15. Temperatura y velocidad. -- 16. Solibilidad. -- 17. Estructura cristalina. -- 18. Resistencia al rodamiento. -- 19. Desgaste en el contacto rodante. -- 20. Pol&#xED;meros. -- 21. Ludimiento. -- 22. Ejemplos de componentes tribol&#xF3;gicos. -- 23. Desgaste de lat&#xF3;n. -- 24. Fricci&#xF3;n y desgaste de grafito y carburo. -- 25. Desgaste del hierro colado. -- 26. Desgaste de las aleaciones de aluminio-solicio. -- 27. Dise&#xF1;o para resistir al desgaste. .</subfield>
  </datafield>
  <datafield tag="650" ind1=" " ind2="7">
    <subfield code="a">Desgaste mec&#xE1;nico</subfield>
    <subfield code="2">lemb</subfield>
    <subfield code="9">45763</subfield>
  </datafield>
  <datafield tag="650" ind1=" " ind2="7">
    <subfield code="a">Resistencia de materiales</subfield>
    <subfield code="2">lemb</subfield>
    <subfield code="9">32828</subfield>
  </datafield>
  <datafield tag="650" ind1=" " ind2="7">
    <subfield code="a">Fatiga de metales</subfield>
    <subfield code="2">lemb</subfield>
    <subfield code="9">35026</subfield>
  </datafield>
  <datafield tag="650" ind1=" " ind2="7">
    <subfield code="a">Fricci&#xF3;n (Mec&#xE1;nica)</subfield>
    <subfield code="2">lemb</subfield>
    <subfield code="9">32253</subfield>
  </datafield>
  <datafield tag="942" ind1=" " ind2=" ">
    <subfield code="c">BOOK</subfield>
  </datafield>
  <datafield tag="999" ind1=" " ind2=" ">
    <subfield code="c">35486</subfield>
    <subfield code="d">35486</subfield>
  </datafield>
  <datafield tag="952" ind1=" " ind2=" ">
    <subfield code="0">0</subfield>
    <subfield code="1">0</subfield>
    <subfield code="4">0</subfield>
    <subfield code="7">0</subfield>
    <subfield code="8">GEN</subfield>
    <subfield code="a">BC</subfield>
    <subfield code="b">BC</subfield>
    <subfield code="d">1998-04-21</subfield>
    <subfield code="i">C120137</subfield>
    <subfield code="l">0</subfield>
    <subfield code="o">620.112 S245d</subfield>
    <subfield code="p">61000001373113</subfield>
    <subfield code="r">2023-04-20 00:00:00</subfield>
    <subfield code="t">1</subfield>
    <subfield code="w">2023-04-20</subfield>
    <subfield code="y">BOOK</subfield>
  </datafield>
  <datafield tag="952" ind1=" " ind2=" ">
    <subfield code="0">0</subfield>
    <subfield code="1">0</subfield>
    <subfield code="4">0</subfield>
    <subfield code="7">0</subfield>
    <subfield code="8">GENERAL</subfield>
    <subfield code="a">CENDI</subfield>
    <subfield code="b">CENDI</subfield>
    <subfield code="d">2019-06-28</subfield>
    <subfield code="i">C1316336</subfield>
    <subfield code="l">0</subfield>
    <subfield code="o">F 04198</subfield>
    <subfield code="p">790564</subfield>
    <subfield code="r">2025-01-29 00:00:00</subfield>
    <subfield code="t">2</subfield>
    <subfield code="w">2023-04-20</subfield>
    <subfield code="y">BOOK</subfield>
  </datafield>
</record>
